000
00216nam a22000857a 4500
008
170210b xxu||||| |||| 00| 0 eng d
100
_9
2859
_a
Sharma V. D
245
_a
Physical Education
260
_a
New Delhi
_b
Arichal
_c
2008
999
_c
6079
_d
6079